000 00420nam a2200157Ia 4500
008 210716s2006 xx 000 0 und d
020 _a8176297119
041 _aeng
082 _a658.162 KAUG
100 _aKaur, Gurminder.
245 _aCorporate mergers and acquisitions.
250 _a1
260 _aNew Delhi
_bDeep and deep publications pvt. ltd
_c2006
300 _axiv,460
650 _aMergers & Acqusitions
999 _c202697
_d202697